Slap Shot [

General viewing for all ages (U)

Bibliographic Details
Main Author: Hill, George Roy
Format: Book
Published: s.l : Universal City Studio , 1977
Subjects:

MARC

LEADER 00000cam a2200000 7i4500
001 0000077044
005 20080903.0
090 0 0 |a F   |b SLA 
100 1 |a Hill, George Roy 
245 1 0 |a Slap Shot [  |h video compact disc]   |c George Roy Hill 
260 |a s.l :   |b Universal City Studio ,   |c 1977 
300 |a 2 Video compact disc (78 minutes) :   |b col 
500 |a Library has 2 copies 
520 0 |a General viewing for all ages (U) 
650 0 0 |a Movies, English 
999 |a AV 07099   |b VIDEO COMPACT DISC   |c FICTION   |e PERPUSTAKAAN KOMUNITI PETALING JAYA 
999 |a AV 07100   |b VIDEO COMPACT DISC   |c FICTION   |e PERPUSTAKAAN KOMUNITI PETALING JAYA